| 000 | 00978cab a2200217 4500 | ||
|---|---|---|---|
| 001 | ##L133772 | ||
| 008 | 110801e2006 000 0 eng u | ||
| 035 | _a(Sirsi) u133772 | ||
| 041 | 0 | _aeng | |
| 110 | 1 |
_aUnited Kingdom _bDepartment of Trade and Industry |
|
| 245 | 0 | 0 |
_aNew construction orders _bApril 2006 |
| 260 | _c2006 | ||
| 490 | 0 |
_aDTI New Construction Orders _v(URN 06/395d) 8 June 2006 |
|
| 520 | _aOrders in the year to April 2006 rose by 8% compared with the previous 12 months, although orders in the 3 months to April fell by 4% compared to the same period in 2005, and by 14% compared to the previous three month period, with decreases in all sectors. | ||
| 590 | _aIKA200606 | ||
| 650 | 2 | 4 | _aDTI NEW CONSTRUCTION ORDERS |
| 651 | 4 |
_aUnited Kingdom _y |
|
| 690 | _aBUILT ENVIRONMENT-CONSTRUCTION MARKET | ||
| 856 | 4 | 1 |
_uhttps://stats.bis.gov.uk/construction/neworders/200604/index.asp _zView the item free of charge at http://stats.bis.gov.uk |
| 942 | _n0 | ||
| 999 |
_c77199 _d77199 |
||